| 000 | 00623nam a2200205 i 4500 | ||
|---|---|---|---|
| 001 | 26665 | ||
| 003 | ES-MaACL | ||
| 005 | 20230906153500.0 | ||
| 007 | t| | ||
| 008 | 030110s1975 sp ||||1| spa d | ||
| 100 | 1 |
_aArvon, Henri. _923520 |
|
| 245 | 1 | 0 |
_aBakunin _b: absoluto y revolución / _cHenri Arvon ; [versión de Agustín Gil Lasierra]. |
| 260 |
_aBarcelona : _bHerder, _c1975. |
||
| 300 |
_a111 p. ; _c22 cm. |
||
| 490 | 1 | _aBiblioteca de filosofía | |
| 700 | 1 |
_aGil Lasierra, Agustín. _956831 |
|
| 830 | 0 |
_aBiblioteca de filosofía _9181615 |
|
| 852 |
_aES-MaACL _jE-7290 _bR.91447 |
||
| 999 |
_c26665 _d26665 |
||